000 00692nam a2200241Ia 4500
003 OSt
005 20220925210923.0
006 a|||||r|||| 00| 0
007 ta
008 220923b |||||||| |||| 00| 0 eng d
020 _a8171320090
037 _cGeneral Book
040 _aRTL
_cRTL
_beng
041 _2eng
_aeng
082 _aX.235.M2, M9
100 _aMahajan T T
_9105081
245 0 _aIndustry, trade and commerce during Peshwa period
260 _aJaipur
_bPointer Publications
_c1989
300 _axiv,203p.
_ccm.
500 _aBibliography P 195-200; Appendix P 186-94
942 _hX.235.M2, M9
_cGB
_2CC
999 _c556273
_d556273